Blázen do koní. 6, Nováčci to nemají lehké /

Hlavní autor: Helidoniotis, Kathy
Další autoři: Konečná, Eva
Jazyk: Čeština
Vydáno: Frýdek-Místek : Alpress, 2016
Vydání: Vydání první
Edice: Klokan (Alpress)
Témata:
Fyzický popis: 208 stran ; 21 cm
Knihy
Uloženo v:
LEADER 01664nam a2200469 i 4500
001 nkc20162835969
003 CZ PrNK
005 20170922114844.0
007 ta
008 160930s2016 xr c 000 f cze
015 |a cnb002835969 
020 |a 978-80-7543-076-2  |q (vázáno) 
035 |a (OCoLC)962341265 
040 |a BOA001  |b cze  |d ABA001  |e rda 
041 1 |a cze  |h eng 
072 7 |a 821.111-3  |x Anglická próza, anglicky psaná  |2 Konspekt  |9 25 
072 7 |a 821-93  |x Literatura pro děti a mládež (beletrie)  |2 Konspekt  |9 26 
080 |a 821.111(94)-31  |2 MRF 
080 |a 821-93  |2 MRF 
080 |a (0:82-31)  |2 MRF 
100 1 |a Helidoniotis, Kathy  |7 mzk2009539772  |4 aut 
240 1 0 |a Horse mad heights 6.  |l Česky 
245 1 0 |a Blázen do koní.  |n 6,  |p Nováčci to nemají lehké /  |c Kathy Helidoniotis ; z anglického originálu Horse mad heights 6 přeložila Eva Konečná 
246 3 0 |a Nováčci to nemají lehké 
250 |a Vydání první 
264 1 |a Frýdek-Místek :  |b Alpress,  |c 2016 
300 |a 208 stran ;  |c 21 cm 
336 |a text  |b txt  |2 rdacontent 
337 |a bez média  |b n  |2 rdamedia 
338 |a svazek  |b nc  |2 rdacarrier 
490 1 |a Klokan 
655 7 |a australské romány  |7 fd131842  |2 czenas 
655 7 |a publikace pro děti  |7 fd133156  |2 czenas 
655 9 |a Australian fiction  |2 eczenas 
655 9 |a children's literature  |2 eczenas 
700 1 |a Konečná, Eva  |7 jn20001103301  |4 trl 
830 0 |a Klokan (Alpress)  |0 s 
910 2 |a BOA001  |b 2-1230.353,6 
990 |a BK 
995 |a 01 
991 |b 201610  |c NOV 
996 6 |b 2610683595  |c 2-1230.353,6  |l MZK  |r Sklad / do 1 hodiny  |n 0  |p p.v.  |w 001580839  |u 000010  |a 1  |e BOA001  |j MZK50  |s P